Manual de urbanidad y buenas maneras de consulta indispensable para niños, jóvenes y adultos (Registro nro. 688)

Detalles MARC
000 - LÍDER
campo de control de longitud fija 01019nam a2200289Ia 4500
005 - FECHA Y HORA DE LA ÚLTIMA TRANSACCIÓN
campo de control 20210727153012.0
008 - ELEMENTOS DE DATOS DE LONGITUD FIJA - INFORMACIÓN GENERAL
campo de control de longitud fija 121119s2003 ck a grf 000 0 spa
020 ## - INTERNATIONAL STANDARD BOOK NUMBER
International Standard Book Number 9583000213
041 0# - CÓDIGO DE LENGUAJE
Código de idioma de texto / pista de sonido o título separado spa
082 04 - NÚMERO DE CLASIFICACIÓN DECIMAL DEWEY
Número de clasificación 395.5
Número de artículo C17M
040 ## - FUENTE DE CATALOGACIÓN
Agencia de catalogación original CO-BoRNBP
Lenguaje de catalogación spa
Descripción convenciones rda
Agencia de transcripción CO-BoRNBP
100 1# - ENTRADA PRINCIPAL - NOMBRE PERSONAL
Nombre de la persona Carreño, Manuel A.,
245 10 - TÍTULO DECLARACIÓN
Título Manual de urbanidad y buenas maneras de consulta indispensable para niños, jóvenes y adultos
Declaración de responsabilidad Manuel A. Carreño ; ilustraciones, Juan Ramón Sierra Carrasquilla
250 ## - DECLARACIÓN DE EDICIÓN
Sentencia de edición Décima reimpresión
264 #1 - AVISO DE PRODUCCIÓN, PUBLICACIÓN, DISTRIBUCIÓN, FABRICACIÓN Y DERECHOS DE AUTOR
Lugar de producción Bogotá
Nombre del productor Panamericana
Fecha de producción 2003
300 ## - DESCRIPCIÓN FÍSICA
Alcance 429 páginas
Otros datos físicos ilustraciones
Dimensiones 20 cm.
336 ## - TIPO DE CONTENIDO
Tipo de contenido texto
Código de tipo de contenido txt
Fuente rdacontent
337 ## - TIPO DE MEDIO
Término del tipo de medio sin mediación
Código de tipo de medio n
Fuente rdamedia
338 ## - TIPO DE PORTADOR
Término del tipo de operador volumen
Código de tipo de operador nc
Fuente rdacarrier
490 0# - DECLARACIÓN EN SERIE
Estado de cuenta de la serie Paraeducativo
650 14 - ENTRADA DE SUJETO AÑADIDO - TÉRMINO TÓPICO
Fuente del título o término LEMB
Término tópico o elemento de entrada del nombre geográfico Urbanismo
Subdivisión general Aspectos sociales
650 14 - ENTRADA DE SUJETO AÑADIDO - TÉRMINO TÓPICO
Fuente del título o término LEMB
Término tópico o elemento de entrada del nombre geográfico Cortesía
Subdivisión general Manuales
650 14 - ENTRADA DE SUJETO AÑADIDO - TÉRMINO TÓPICO
Fuente del título o término LEMB
Término tópico o elemento de entrada del nombre geográfico Etiqueta
Subdivisión general Manuales
650 14 - ENTRADA DE SUJETO AÑADIDO - TÉRMINO TÓPICO
Fuente del título o término LEMB
Término tópico o elemento de entrada del nombre geográfico Conducta
Subdivisión de forma Manuales
700 1# - ENTRADA AGREGADA - NOMBRE PERSONAL
Nombre de la persona Sierra Carrasquilla, Juan Ramón
Término del Relator ilustrador
942 ## - ELEMENTOS DE ENTRADA AGREGADOS (KOHA)
Fuente de clasificación o esquema de estanterías Dewey Decimal Classification
Tipo de artículo Koha Libro
Existencias
Estado de retirada Pérdida de estatus Fuente de clasificación o esquema de estanterías Estado dañado No para préstamo Código de recogida Ubicación permanente Ubicación actual Ubicación de las estanterías Fecha de adquisición Total de Cajas Número Topográfico Código de barras Precio efectivo desde Número de copia Fecha de la última vez que se vio Tipo de artículo Koha Fuente de adquisición
    Dewey Decimal Classification     General Biblioteca Pública Municipal Isaías Naranjo Ríos Biblioteca Pública Municipal Isaías Naranjo Ríos Área General 07/09/2012   395.5 C17M API01 - 0474 03/05/2024 EJ. 1 03/05/2024 Libro Dotación ministerio de cultura
    Dewey Decimal Classification     General Biblioteca Pública Municipal Juan XXIII Biblioteca Pública Municipal Juan XXIII Área General 02/02/2023   395.5 C17m BAL02-1178 02/02/2023 Ej.1 02/02/2023 Libro  
    Dewey Decimal Classification     General Biblioteca Pública Municipal Mistrató Biblioteca Pública Municipal Mistrató Área General 16/02/2024   395.5 C17M MIS12 - 0807 16/02/2024 Ej. 1 16/02/2024 Libro Dotación Ministerio de cultura
    Dewey Decimal Classification     General Biblioteca Pública Municipal de Guática Biblioteca Pública Municipal de Guática Área General 30/05/2023   395.5 C17M GUA07- 0700 30/05/2023 Ej. 1 30/05/2023 Libro Dotación Ministerio de cultura